Normal view
MARC view
- Hwang, P. Y. C Brown, R. G
Entry Personal Name
001 - CONTROL NUMBER
- control field: 71333
003 - CONTROL NUMBER IDENTIFIER
- control field: NUST
005 - DATE AND TIME OF LATEST TRANSACTION
- control field: 20210628204625.0
008 - FIXED-LENGTH DATA ELEMENTS
- fixed length control field: 210628|| aca||aabn | a|a d
040 ## - CATALOGING SOURCE
- Original cataloging agency: NUST
- Transcribing agency: NUST
100 ## - HEADING--PERSONAL NAME
- Personal name: Hwang, P. Y. C Brown, R. G
670 ## - SOURCE DATA FOUND
- Source citation: Work cat.: (NUST): Hwang, P. Y. C Brown, R. G, Introduction to random signals and applied kalman filtering with matlab excercises and solution, 1997
